|
|
|
|
| LEADER |
00000nam0a2200000 4500 |
| 001 |
340268 |
| 005 |
20231102005224.0 |
| 010 |
|
|
|a 9787040348200
|
| 035 |
|
|
|a (RuTPU)RU\TPU\book\367011
|
| 090 |
|
|
|a 340268
|
| 100 |
|
|
|a 20180312d2013 m y0rusy50 ca
|
| 101 |
0 |
|
|a chi
|
| 102 |
|
|
|a CN
|
| 105 |
|
|
|a a j 000zy
|
| 200 |
1 |
|
|a Сборник задач по теоретической механике
|e учебник для вузов
|f И. В. Мещерский
|g под ред. В. А. Пальмова ; Д. Р. Меркина
|
| 205 |
|
|
|a 50-е изд.
|
| 210 |
|
|
|a Пекин
|c Высшее образование
|d 2013
|
| 215 |
|
|
|a 399 с.
|c ил.
|
| 300 |
|
|
|a Книга на китайском языке
|
| 606 |
1 |
|
|a Механика теоретическая
|2 stltpush
|3 (RuTPU)RU\TPU\subj\59441
|9 76991
|
| 610 |
1 |
|
|a физика
|
| 610 |
1 |
|
|a статика
|
| 610 |
1 |
|
|a кинематика
|
| 610 |
1 |
|
|a динамика
|
| 610 |
1 |
|
|a сила
|
| 610 |
1 |
|
|a твердые тела
|
| 610 |
1 |
|
|a движение
|
| 610 |
1 |
|
|a задачи
|
| 610 |
1 |
|
|a дифференциальные уравнения
|
| 610 |
1 |
|
|a аналитическая механика
|
| 610 |
1 |
|
|a задачи
|
| 610 |
1 |
|
|a решения
|
| 610 |
1 |
|
|a китайский язык
|
| 610 |
1 |
|
|a учебные пособия
|
| 675 |
|
|
|a 531(076)
|v 4
|
| 700 |
|
1 |
|a Мещерский
|b И. В.
|c крупнейший русский механик конца XIX и начала XX столетий
|f 1859-1935
|g Иван Всеволодович
|2 stltpush
|3 (RuTPU)RU\TPU\pers\23546
|9 10263
|
| 702 |
|
1 |
|a Пальмов
|b В. А.
|4 340
|
| 702 |
|
1 |
|a Меркин
|b Д. Р.
|4 340
|
| 801 |
|
1 |
|a RU
|b 63413507
|c 20180312
|
| 801 |
|
2 |
|a RU
|b 63413507
|c 20180323
|g RCR
|
| 942 |
|
|
|c BK
|